Statistics for Atlantic Ocean Island Countries

Click here to take the quiz!

General Stats

  • This quiz has been taken 22,679 times
    (22,674 since last reset)
  • The average score is 17 of 20

Answer Stats

km2 country % Correct
109,884Cuba
95%
242,900United Kingdom
92%
27,750Haiti
92%
751Dominica
92%
13,943Bahamas
91%
10,991Jamaica
91%
70,273Ireland
90%
103,000Iceland
90%
48,671Dominican Republic
90%
430Barbados
87%
261St. Kitts and Nevis
87%
5,130Trinidad and Tobago
87%
616St. Lucia
85%
389St. Vincent and the Grenadines
84%
442Antigua and Barbuda
83%
344Grenada
80%
4,033Cape Verde
80%
965Sao Tome and Principe
74%
316Malta
71%
9,251Cyprus
69%

Score Distribution

Percentile by Number Answered

Percent of People with Each Score

Your Score History

You have not taken this quiz since the last reset